000 00307nam a22001217a 4500
020 _a978-81-7335-808-1
082 _a530
_bBAT/S
100 _aSUNIL BATRA
245 _aSARASWATI PHYSICS PART 1 & 2
_bCLASS XII
260 _aDELHI
_bSARASWATI HOUSE PVT LTD
650 _aPHYSICS FOR CLASS XII
_zINDIA
942 _cBK
999 _c669
_d669